| Tag |
First Indicator |
Second Indicator |
Subfields |
| LEADER |
00000nam a2200000Ia 4500 |
| 001 |
in00004297613 |
| 005 |
20200810082343.0 |
| 006 |
m g d |
| 007 |
cr bn |||a|bb| |
| 008 |
860317s1665 enk o 00| | eng d |
| 035 |
|
|
|a (OCoLC)13304341
|
| 040 |
|
|
|a EAA
|c EAA
|d m/c
|d UMI
|d WaOLN
|
| 037 |
|
|
|a CL0037000013
|b ProQuest Information and Learning. 300 N. Zeeb Rd., Ann Arbor, MI 48106
|
| 049 |
|
|
|a UMIA
|
| 100 |
1 |
|
|a Dodson, William.
|
| 245 |
1 |
4 |
|a The designe for the perfect draining of the great level of the fens, called Bedford level, lying in Norfolk, Suffolk, Cambridge, Huntingtonshire, Northamptonshire, Lincolnshire and the isle of Ely :
|b as it was delivered to the honourable corporation for the draining of the said great level the 4th of June, 1664 : as also several objections answered since the delivery of the said designe now in agitation : and as for the new works intended in this designe appears in the annexed map : and the charge of the whole calculated /
|c by Collonel William Dodson.
|
| 260 |
|
|
|a London :
|b Printed by R. Wood, and are to be sold by Henry Twiford ... and by Rich. Marriot ...,
|c 1665.
|
| 300 |
|
|
|a 1 online resource ([6], 39, [1] pages :
|b map.
|
| 336 |
|
|
|a text
|b txt
|2 rdacontent
|
| 337 |
|
|
|a computer
|b c
|2 rdamedia
|
| 338 |
|
|
|a online resource
|b cr
|2 rdacarrier
|
| 500 |
|
|
|a Reproduction of original in Cambridge University Library.
|
| 510 |
4 |
|
|a Wing
|c D1801
|
| 533 |
|
|
|a Electronic reproduction.
|b Ann Arbor, Mich. :
|c UMI,
|d 1999-
|f (Early English books online)
|n Digital version of: (Early English books, 1641-1700 ; 451:34)
|7 s1999 miun s
|
| 650 |
|
0 |
|a Drainage
|z England
|v Early works to 1800.
|
| 651 |
|
0 |
|a Fens, The (England)
|
| 740 |
0 |
|
|a Designe for the perfect draining of the great level of the fens, called Bedford level.
|
| 830 |
|
0 |
|a Early English books online.
|
| 856 |
4 |
0 |
|u http://proxy.library.tamu.edu/login?url=https://search.proquest.com/docview/2240878327
|z Connect to the full text of this electronic book
|t 0
|
| 999 |
f |
f |
|s 802d2608-3618-37c8-93ab-a0ceb90e1fed
|i c7e52baa-4a4b-36b6-aec1-164131e8086c
|t 0
|
| 952 |
f |
f |
|a Texas A&M University
|b College Station
|c Electronic Resources
|d Available Online
|t 0
|h No information provided
|
| 998 |
f |
f |
|t 0
|l Available Online
|